000 00545 a2200193 4500
001 62007
005 20260407155913.0
008 260407a1980 arg spa d
003 AR-UNSa-BCEJYS
040 _aAR-UNSa-BCEJYS
_bspa
_cAR-UNSa-BCEJYS
080 _a349.22:331.106
_xContrato de trabajo
245 1 0 _aContrato de trabajo
264 1 _aBuenos Aires :
_bEdiciones Depalma
_c1980
300 _a2 v. (398 ; 642 p.)
_c23 cm.
041 _aspa
942 _cBK
590 _aniveau_biblio:m niveau_hierar:0
100 1 _aMeilij, Gustavo Raúl
999 _c7538
_d7538